00483nam a2200133 a 450000100100000000500170001000800410002704000250006808200150009311000260010824501320013426000570026630000260032300003225120200930063546.0110406s1905 dr 000 0 spa d aDO-SdBNPbspacBNPHU axxxbR426m1 aRepública Dominicna10aMensaje y memorias del poder ejecutivo de la República Dominicana presentado al Congreso Nacional en la la legistura de 1905. aSanto Domingo :bImprenta "Cuna de América,c1905. a418 p. :b. ;c30 cm.